| 000 | 00800cab a2200241 4500 | ||
|---|---|---|---|
| 001 | WB3415-69 | ||
| 008 | 090401t1998 xxu||||| |||| 00| 0 eng d | ||
| 035 | _a(Sirsi) u85785 | ||
| 041 | _aeng | ||
| 245 | 3 | _aAn American adventure | |
| 260 | _c1998 | ||
| 350 | _a0 | ||
| 490 |
_aFinancial Times _v24 April 1998, 12(1) |
||
| 520 | _aDiscusses how US interest in investing in European property will change how property is valued. Looks particularly at NAV calculations of property value and the implications of a change in valuation methods for the UK property market. | ||
| 650 | _aASSET VALUATION | ||
| 650 | _aEUROPE | ||
| 650 | _aINVESTMENT PROPERTY | ||
| 650 | _aUS INVESTORS | ||
| 650 | _aVALUATION METHODS | ||
| 690 | _aRATING AND VALUATION | ||
| 942 | _n0 | ||
| 948 | _c24/04/1998 | ||
| 999 |
_c53958 _d53958 |
||